Пропуск в контексте

Краткий курс развития фортепианного искусства

Пособие посвящено обзору развития фортепианного искусства со времени его зарождения до наших дней. Данный процесс рассматривается в его обусловленности общим процессом развития культуры. В пособии раскрываются особенности творчества наиболее известных композиторов, писавших для фортепиано, и значени...

Fuld beskrivelse

Сохранить в:
Bibliografiske detaljer
Hovedforfatter: Хайбуллина Р. Ф.
Format: Книга
Sprog:Russian
Udgivet: Уфа БГПУ имени М. Акмуллы 2011
Online adgang:http://e.lanbook.com/books/element.php?pl1_id=49596
https://e.lanbook.com/img/cover/book/49596.jpg
Tags: Tilføj Tag
Ingen Tags, Vær først til at tagge denne postø!
LEADER 02030nam0a2200253 i 4500
001 49596
003 RuSpLAN
005 20221220173926.0
008 221220s2011 ru gs 000 0 rus
040 |a RuSpLAN 
041 0 |a rus 
044 |a ru 
080 |a 785 
084 |a 85  |2 rubbk 
245 0 0 |a Краткий курс развития фортепианного искусства  |c Хайбуллина Р. Ф. 
260 |a Уфа  |b БГПУ имени М. Акмуллы  |c 2011 
300 |a 48 с. 
504 |a Библиогр.: доступна в карточке книги, на сайте ЭБС Лань 
520 8 |a Пособие посвящено обзору развития фортепианного искусства со времени его зарождения до наших дней. Данный процесс рассматривается в его обусловленности общим процессом развития культуры. В пособии раскрываются особенности творчества наиболее известных композиторов, писавших для фортепиано, и значение деятельности крупнейших исполнителей, оказавших влияние на развитие мирового пианизма. Определенное место в пособии уделено разделам, содержащим сведения о возникновении фортепиано как музыкального инструмента и его совершенствовании в работе фортепианных мастеров. 
521 8 |a Книга из коллекции БГПУ имени М. Акмуллы - Музыка и театр 
100 1 |a Хайбуллина Р. Ф. 
856 4 |u http://e.lanbook.com/books/element.php?pl1_id=49596 
856 4 8 |u https://e.lanbook.com/img/cover/book/49596.jpg 
953 |a https://e.lanbook.com/img/cover/book/49596.jpg